Gospodarka krajów Europy Srodkowo-Wschodniej w 1991 r.
Projekt dokumentu Economic Survey of Europe vypracovaný EHK OSN v Ženeve, ktorého časť sa uverejňuje, je venovaná celkovému hodnoteniu hospodárskej situácie v krajinách meniacich svoje ekonomické systémy. Východná Európa. Demokratické inštitúcie a proces transformácie hospodárstva. Hospodárska pomoc...
Gespeichert in:
| Format: | Buchkapitel |
|---|---|
| Sprache: | Polnisch |
| Schlagworte: | |
| Tags: |
Keine Tags, Fügen Sie das erste Tag hinzu!
|
MARC
| LEADER | 00000naa a2200000 4500 | ||
|---|---|---|---|
| 001 | r009053 | ||
| 005 | 20221125122835.5 | ||
| 041 | 0 | |a pol | |
| 044 | |a PL | ||
| 245 | 1 | 0 | |a Gospodarka krajów Europy Srodkowo-Wschodniej w 1991 r. |
| 520 | |a Projekt dokumentu Economic Survey of Europe vypracovaný EHK OSN v Ženeve, ktorého časť sa uverejňuje, je venovaná celkovému hodnoteniu hospodárskej situácie v krajinách meniacich svoje ekonomické systémy. Východná Európa. Demokratické inštitúcie a proces transformácie hospodárstva. Hospodárska pomoc západu. | ||
| 610 | 2 | 0 | |a hospodárstvo národné |
| 610 | 2 | 0 | |a stredná Európa |
| 610 | 2 | 0 | |a východná Európa |
| 610 | 2 | 0 | |a 1991 |
| 610 | 2 | 0 | |a EHK OSN |
| 610 | 2 | 0 | |a pomoc hospodárska |
| 610 | 2 | 0 | |a reformy hospodárske |